000 00530nam a2200193Ia 4500
008 151121s9999||||xx |||||||||||||| ||und||
082 _a813-/माळव
082 _bHNW-45156
100 _aमाळवदे रमण
245 _aदालन
260 _b"प्रिया प्रकाशन, मुंबई"
260 _c--
300 _a160
600 _aमाळवदे रमण
630 _aदालन
700 _aमाळवदे रमण
730 _aदालन
942 _cBOOK
999 _c1232386
_d1232383